Click The Best Country - Statistics

General Stats
  • This quiz has been taken 82 times
  • The average score is 2 of 15
Answers on the Grid
Answers color-coded by a green-red scale on the quiz's grid according to % correct below.
Finland
Sweden
Norway
Denmark
Germany
Poland
Brazil
Peru
Colombia
Benin
Togo
Ghana
Afghanistan
Yemen
Iran
Uganda
Rwanda
Burundi
Indonesia
Malaysia
Brunei
Lithuania
Latvia
Estonia
U. A. Emirates
Qatar
Bahrain
Russia
China
India
Laos
Myanmar
Cambodia
Botswana
Namibia
Botswana
Cuba
Jamaica
Dominican Republic
Serbia
Greece
Turkey
Singapore
Japan
South Korea
 
Answer Stats
Answer % Correct
1 Finland
91%
3 Germany
23%
51 Colombia
11%
95 Benin
7%
36 Greece
5%
59 U. A. Emirates
5%
9 Estonia
2%
62 India
2%
152 Iran
2%
47 Malaysia
2%
102 Rwanda
2%
28 Singapore
2%
143 Cambodia
0%
63 Dominican Republic
0%
68 Namibia
0%
No matching quizzes found
Score Distribution
Percent of People with Each Score
Percentile by Number Answered
Your Score History
You have not taken this quiz